Battle of the Bands / (Record no. 5155)
[ view plain ]
| 000 -LEADER | |
|---|---|
| fixed length control field | 01392cam a2200397 a 4500 |
| 001 - CONTROL NUMBER | |
| control field | 228892 |
| 003 - CONTROL NUMBER IDENTIFIER | |
| control field | GBCCL |
| 005 - DATE AND TIME OF LATEST TRANSACTION | |
| control field | 20241126110534.0 |
| 008 - FIXED-LENGTH DATA ELEMENTS--GENERAL INFORMATION | |
| fixed length control field | 970926s1998 moua c 000 1 eng |
| 010 ## - | |
| -- | 97042127 |
| 020 ## - INTERNATIONAL STANDARD BOOK NUMBER | |
| International Standard Book Number | 0570050464 |
| 020 ## - INTERNATIONAL STANDARD BOOK NUMBER | |
| International Standard Book Number | 9780570050469 |
| 035 ## - SYSTEM CONTROL NUMBER | |
| System control number | (OCoLC)ocm37755214 |
| 035 ## - SYSTEM CONTROL NUMBER | |
| System control number | (OCoLC)37755214 |
| 040 ## - CATALOGING SOURCE | |
| Original cataloging agency | DLC |
| Language of cataloging | eng |
| Transcribing agency | DLC |
| Modifying agency | OCL |
| -- | BAKER |
| -- | BTCTA |
| -- | OCLCG |
| -- | C5U |
| -- | OCLCO |
| -- | LBB |
| 042 ## - | |
| -- | lcac |
| 049 ## - | |
| -- | LBBI |
| 050 00 - | |
| -- | PZ7.B87717 |
| -- | Bat 1998 |
| 082 00 - DEWEY DECIMAL CLASSIFICATION NUMBER | |
| Classification number | 813.54 |
| Edition information | 21 |
| Item number | BUC |
| 099 ## - LOCAL FREE-TEXT CALL NUMBER (OCLC) | |
| Classification number | B8514m v.5 |
| 100 1# - MAIN ENTRY--PERSONAL NAME | |
| Personal name | Buchanan, Paul, |
| Dates associated with a name | 1959- |
| 9 (RLIN) | 5674 |
| 245 10 - TITLE STATEMENT | |
| Title | Battle of the Bands / |
| Statement of responsibility, etc. | Paul Buchanan & Rod Randall. |
| 260 ## - PUBLICATION, DISTRIBUTION, ETC. | |
| Place of publication, distribution, etc. | St. Louis, Mo. : |
| Name of publisher, distributor, etc. | Concordia Pub. House, |
| Date of publication, distribution, etc. | c1998. |
| 300 ## - PHYSICAL DESCRIPTION | |
| Extent | 111 p. : |
| Other physical details | ill. ; |
| Dimensions | 19 cm. |
| 490 1# - SERIES STATEMENT | |
| Series statement | The misadventures of Willie Plummet ; |
| Volume/sequential designation | 5 |
| 500 ## - GENERAL NOTE | |
| General note | Christian Library of Lancaster Collection. |
| 520 ## - SUMMARY, ETC. | |
| Summary, etc. | Willie must examine his Christian values when his attempts to win the Battle of the Bands don't work out the way he planned. |
| 521 1# - TARGET AUDIENCE NOTE | |
| Target audience note | "Ages 8-12"--cover p. [4]. |
| 650 #1 - SUBJECT ADDED ENTRY--TOPICAL TERM | |
| Topical term or geographic name entry element | Rock music |
| Form subdivision | Fiction. |
| 9 (RLIN) | 9287 |
| 650 #1 - SUBJECT ADDED ENTRY--TOPICAL TERM | |
| Topical term or geographic name entry element | Christian life |
| Form subdivision | Fiction. |
| 9 (RLIN) | 533 |
| 650 #1 - SUBJECT ADDED ENTRY--TOPICAL TERM | |
| Topical term or geographic name entry element | Musicians |
| Form subdivision | Fiction. |
| 9 (RLIN) | 9288 |
| 650 #0 - SUBJECT ADDED ENTRY--TOPICAL TERM | |
| Topical term or geographic name entry element | Christian life |
| Form subdivision | Juvenile fiction. |
| 9 (RLIN) | 5672 |
| 700 1# - ADDED ENTRY--PERSONAL NAME | |
| Personal name | Randall, Rod, |
| Dates associated with a name | 1962- |
| 9 (RLIN) | 5678 |
| 800 1# - | |
| -- | Buchanan, Paul, |
| -- | 1959- |
| -- | Misadventures of Willie Plummet ; |
| -- | 5. |
| -- | 5679 |
| 942 ## - ADDED ENTRY ELEMENTS (KOHA) | |
| Source of classification or shelving scheme | Dewey Decimal Classification |
| Koha item type | Books |
| Withdrawn status | Lost status | Source of classification or shelving scheme | Damaged status | Not for loan | Home library | Current Library | Shelving location | Date acquired | Total checkouts | Full call number | Barcode | Date last seen | Copy number | Price effective from | Koha item type |
|---|---|---|---|---|---|---|---|---|---|---|---|---|---|---|---|
| Dewey Decimal Classification | GRACE BIBLE COLLEGE | GRACE BIBLE COLLEGE | General Studies | 2018-02-28 | 813.54 BUC | 006978 | 2025-05-01 | c.1 | 2018-02-28 | Books |